| 000 | 00872cam a2200265 4500 | ||
|---|---|---|---|
| 008 | 090401t1987 xxu||||| |||| 00| 0 eng d | ||
| 020 | _a090618228X | ||
| 035 | _a(Sirsi) u17409 | ||
| 041 | 0 | _aeng | |
| 050 | 0 | 4 | _a690.3 $2 18 |
| 110 | 2 |
_aBuilding Maintenance Cost Information Service _91702 |
|
| 245 | 0 | 0 | _aQuality assurance for building |
| 260 |
_aKingston upon Thames _bBMCIS _c1987 |
||
| 300 |
_a30p. _c30cm. |
||
| 350 | _a4 | ||
| 490 |
_aBMCIS Occasional Papers _v(157) |
||
| 520 | _aThis item is part of a subscription service and no part of it can be read out over the phone. Please contact BMI direct on +44 (0)20 7222 7000 for details. | ||
| 651 | 4 |
_aUnited Kingdom _y |
|
| 690 | _aMANAGEMENT-QUALITY MANAGEMENT | ||
| 700 | 1 | _aEasy, R. R. | |
| 700 | 1 | _aHill, A. | |
| 710 | 2 |
_aBritish Standards Institution _9130 |
|
| 942 | _n0 | ||
| 948 | _c04/03/1997 | ||
| 999 |
_c87506 _d87506 |
||